000 00865nam a2200229Ia 4500
001 10192
003 GE_BSU
008 181216s||||||||xx |||||||||||||| ||und||
040 _cGE_BSU
080 _a821.353.1–1
100 _aტაბიძე,გალაქტიონ
245 _aთხზულებანი თორმეტ ტომად. ტ.5
245 _bლექსები: [1941-1945]
245 _cსარედ.კოლ.გ.გვერდწითელი.გამოსაც. მოამზადა ლ.სანაძემ და ლ.მეგრელიშმა
260 _aთბილისი
260 _bსაბჭოთა საქართველო
260 _c1967
300 _a518გვ.21სმ.
653 _aთხზულებანი
653 _aლექსები
942 _cBK
999 _c43461
_d43461